Aportaciones de la psicología al problema de la infección por VIH (Registro nro. 162791)

Detalles MARC
000 -LEADER
fixed length control field 01136nam a22002417a 4500
007 - PHYSICAL DESCRIPTION FIXED FIELD--GENERAL INFORMATION
fixed length control field cr|||| ||||
008 - FIXED-LENGTH DATA ELEMENTS--GENERAL INFORMATION
fixed length control field 130711s2008 mx |||||s|||| 00||0 spa d
020 ## - INTERNATIONAL STANDARD BOOK NUMBER
International Standard Book Number 978-970-722-818-4
035 ## -
-- 11392
040 ## - CATALOGING SOURCE
Original cataloging agency vLex
090 ## -
-- 4426
-- 4426
245 10 - TITLE STATEMENT
Title Aportaciones de la psicología al problema de la infección por VIH
Medium [Recurso electrónico] :
Remainder of title Investigación e intervención
256 ## -
-- Servicio en línea
260 ## - PUBLICATION, DISTRIBUTION, ETC. (IMPRINT)
Place of publication, distribution, etc México D.F.:
Name of publisher, distributor, etc Plaza y Valdés Editores,
Date of publication, distribution, etc 2008
300 ## - PHYSICAL DESCRIPTION
Extent 1 recurso electrónico
506 1# - RESTRICTIONS ON ACCESS NOTE
Terms governing access Contenido solo disponible en los productos indicados
Authorized users vLex Global
-- vLex Global (Academic Edition, excluding Law Schools)
-- vLex Global (U.S. Academic Edition, Law Schools)
-- vLex Global (U.S. Academic Edition, excluding Law Schools)
-- vLex Global (Academic Edition, Law Schools)
650 04 - SUBJECT ADDED ENTRY--TOPICAL TERM
Topical term or geographic name as entry element Psícologia
Geographic subdivision México
650 04 - SUBJECT ADDED ENTRY--TOPICAL TERM
Topical term or geographic name as entry element HIV (Viruses)
Geographic subdivision México
740 0# -
-- vLex Libros (Servicio en línea)
856 40 - LOCALIZACIÓN Y ACCESO ELECTRÓNICO
Identificador Uniforme del Recurso (URI/URL) https://app.vlex.com/#/sources/aportaciones-de-la-psicologia-al-problema-de-la-infeccion-por-vih-investigacion-e-intervencion-11392
942 ## -
-- RAA
999 ## -
-- 162791
-- 162791

No hay ítems disponibles.


CONTACTO


NOSOTROS


SITIOS DE INTERES

coordinacion.biblioteca.biblioteca@unienlinea.mx Misión, Visión y Objetivos Bases de datos
Directorio Bibliotecas Digitales y Repositorios
Normatividad Revistas y artículos
Convenios interbibliotecarios
Boletines



Hecho en México. Universidad Insurgentes (UIN). Todos los derechos reservados 2024. Esta página y sus contenidos pueden ser reproducidos con fines no lucrativos, siempre y cuando no se mutile, se cite la fuente completa y su dirección electrónicas. De otra forma requiere permiso previo por escrito de la institución




2024 Copyright Universidad Insurgentes | www.bibliouin.com.mx